[Event "First Saturday 2009 november FM-A"]
[Site "Budapest"]
[Date "2009.11.13"]
[Round "7"]
[White "Henrichsen, Jens"]
[Black "Lantos, Attila"]
[Result "1-0"]
[WhiteElo "1975"]
[BlackElo "2005"]
[PlyCount "145"]
[EventDate "2009.11.07"]

1. d4 Nf6 2. Nf3 g6 3. c4 c5 4. d5 d6 5. Nc3 e5 6. e4 a6 7. h3 Bg7 8. Bg5 Nbd7
9. Qd2 h6 10. Be3 Qc7 11. g4 h5 12. g5 Ng8 13. Rg1 Ne7 14. Nh4 O-O 15. Rg3 Rb8
16. a4 Qa5 17. Ra3 Qb4 18. Nb1 Qb6 19. Nc3 Qc7 20. Be2 Nb6 21. Kf1 Qd8 22. Kg1
Bd7 23. Qd1 Be8 24. Qd2 Nec8 25. b3 Na8 26. Kh2 b6 27. Ra1 Rb7 28. Kg2 Nc7 29.
Kh2 b5 30. axb5 axb5 31. cxb5 Nxb5 32. Nxb5 Bxb5 33. Bxb5 Rxb5 34. Qc2 Qb6 35.
Ra3 Qb7 36. Nf3 Nb6 37. Nd2 Rb8 38. Rg1 Qe7 39. h4 Kh7 40. Qd1 Rb4 41. Qe2 Qd7
42. Qf3 Rf8 43. Rga1 Nc8 44. Qh3 Qb7 45. Qf1 Qe7 46. Ra8 Qc7 47. Qa6 Qd7 48.
Qe2 Nb6 49. R8a7 Qc8 50. Qf3 Kg8 51. Qh3 Qd8 52. Qg3 Nc8 53. Ra8 Qc7 54. R8a6
Rb6 55. R6a3 Rb7 56. Ra6 Rb6 57. R6a3 Ne7 58. Nc4 Rb7 59. Qg1 Rd8 60. Qd1 Qd7
61. Ra6 Nc8 62. Ra8 Bf8 63. Na5 Rc7 64. Nc6 Re8 65. Nb8 Qb5 66. R1a5 Qb4 67.
Ra4 Qb7 68. Nc6 Bg7 69. Ra3 Kh7 70. Qd3 f6 71. Rb8 Qxb8 72. Nxb8 fxg5 73. hxg5
1-0

[Event "First Saturday 2009 november FM-A"]
[Site "Budapest"]
[Date "2009.11.13"]
[Round "7"]
[White "Jasz, Peter"]
[Black "Mayer, Istvan"]
[Result "0-1"]
[WhiteElo "2001"]
[BlackElo "2152"]
[PlyCount "92"]
[EventDate "2009.11.07"]

1. e4 e6 2. d4 d5 3. Nd2 Nf6 4. e5 Nfd7 5. Bd3 c5 6. c3 Nc6 7. Ne2 Qb6 8. Nf3
cxd4 9. cxd4 f6 10. exf6 Nxf6 11. O-O Bd6 12. Nc3 O-O 13. Bg5 Bd7 14. a3 Be8
15. Qe2 Bf7 16. Nb5 Bb8 17. Bxf6 gxf6 18. Qc2 Kg7 19. Qe2 a6 20. Nc3 Nxd4 21.
Qe3 Nxf3+ 22. Qxf3 Qd4 23. g3 h5 24. Rad1 Qb6 25. Rd2 Rh8 26. h4 Bd6 27. Rfd1
Rhg8 28. Kh2 Rad8 29. Bb1 Bc7 30. Qd3 Kf8 31. Qf3 Kg7 32. Qd3 f5 33. Qf3 Kf8
34. Ne2 Rg4 35. Rd4 Be5 36. Rb4 Rxb4 37. axb4 Qxb4 38. Qe3 Qxb2 39. Ng1 Rc8 40.
Nf3 Bf6 41. Kg2 a5 42. Qh6+ Bg7 43. Qh7 Qf6 44. Ng5 Bg6 45. Qxh5 Bxh5 46. Nh7+
Kf7 0-1

[Event "First Saturday 2009 november FM-A"]
[Site "Budapest"]
[Date "2009.11.13"]
[Round "7"]
[White "Rendi, Eva"]
[Black "Lakat, Gyula"]
[Result "0-1"]
[WhiteElo "2128"]
[BlackElo "1956"]
[PlyCount "120"]
[EventDate "2009.11.07"]

1. e4 d5 2. exd5 Nf6 3. d4 Nxd5 4. c4 Nb6 5. Nc3 g6 6. h3 Bg7 7. Nf3 Nc6 8. Be3
O-O 9. Be2 Na5 10. c5 Nd5 11. O-O b6 12. Nxd5 Qxd5 13. Ne5 Bb7 14. Bf3 Qe6 15.
b4 Bxf3 16. Nxf3 Nc4 17. Re1 Nxe3 18. Rxe3 Qd7 19. Qe2 e6 20. Rd1 Qa4 21. Rb3
Rfd8 22. Rd2 Rd5 23. Qc4 Rad8 24. Rbd3 a5 25. a3 axb4 26. axb4 Qd7 27. Ra3 bxc5
28. bxc5 e5 29. c6 Qd6 30. dxe5 Bxe5 31. Rxd5 Qxd5 32. Qxd5 Rxd5 33. Nxe5 Rxe5
34. Rc3 Kf8 35. g4 Rd5 36. Kg2 Ke7 37. Kf3 Kd6 38. Ke4 Rc5 39. Rf3 Ke6 40. Kd4
Rxc6 41. g5 Ke7 42. Kd5 Rd6+ 43. Ke5 Re6+ 44. Kd5 f6 45. gxf6+ Rxf6 46. Rc3 Kd7
47. f3 Rf5+ 48. Ke4 c5 49. f4 Kc6 50. Ra3 Kb5 51. Ra7 Rh5 52. Rb7+ Kc4 53. Rb1
Rxh3 54. Rc1+ Kb5 55. Kd5 Rd3+ 56. Ke4 Rd7 57. Rb1+ Kc6 58. Rc1 Re7+ 59. Kf3
Ra7 60. Ke4 Kd6 0-1

[Event "First Saturday 2009 november FM-A"]
[Site "Budapest"]
[Date "2009.11.13"]
[Round "7"]
[White "Zoltan, Andras"]
[Black "Johansen, Arlid"]
[Result "1/2-1/2"]
[WhiteElo "1995"]
[BlackElo "2084"]
[PlyCount "37"]
[EventDate "2009.11.07"]

1. e4 c5 2. d4 cxd4 3. c3 dxc3 4. Nxc3 e6 5. Nf3 d6 6. Bc4 Nc6 7. O-O Nf6 8.
Qe2 Be7 9. Rd1 Qc7 10. Bf4 e5 11. Bg5 a6 12. Rac1 O-O 13. Nd5 Qd8 14. Nxe7+
Qxe7 15. Bd5 Bd7 16. Qd2 Rfd8 17. Rc3 Rac8 18. Rd3 Bg4 19. Bxc6 1/2-1/2

[Event "First Saturday 2009 november FM-A"]
[Site "Budapest"]
[Date "2009.11.14"]
[Round "8"]
[White "Lakat, Gyula"]
[Black "Zoltan, Andras"]
[Result "1/2-1/2"]
[WhiteElo "1956"]
[BlackElo "1995"]
[PlyCount "33"]
[EventDate "2009.11.07"]

1. d4 Nf6 2. Nf3 d5 3. Bg5 e6 4. e3 Be7 5. Be2 O-O 6. O-O c5 7. c3 Nc6 8. Nbd2
b6 9. Qa4 Bb7 10. Ba6 Qc8 11. Bxb7 Qxb7 12. Ne5 Nxe5 13. dxe5 Ne8 14. Bxe7 Qxe7
15. Nf3 f6 16. exf6 Nxf6 17. Rad1 1/2-1/2

[Event "First Saturday 2009 november FM-A"]
[Site "Budapest"]
[Date "2009.11.14"]
[Round "8"]
[White "Mayer, Istvan"]
[Black "Rendi, Eva"]
[Result "1-0"]
[WhiteElo "2152"]
[BlackElo "2128"]
[PlyCount "63"]
[EventDate "2009.11.07"]

1. e4 c5 2. Nf3 d6 3. c3 Nf6 4. Be2 g6 5. O-O Bg7 6. Re1 O-O 7. Bf1 Nc6 8. d4
Bg4 9. d5 Ne5 10. Nbd2 Rb8 11. h3 Bxf3 12. Nxf3 Nxf3+ 13. Qxf3 Nd7 14. Qe3 b5
15. f4 b4 16. Bd2 a5 17. Kh1 Nb6 18. cxb4 axb4 19. Qb3 Qd7 20. a4 bxa3 21. Qxa3
Na8 22. Bc3 Bxc3 23. bxc3 Rb6 24. e5 Rfb8 25. e6 Qb7 26. exf7+ Kxf7 27. f5 Qxd5
28. fxg6+ hxg6 29. Qa4 Qg5 30. Re4 e5 31. Qd7+ Qe7 32. Bc4+ 1-0

[Event "First Saturday 2009 november FM-A"]
[Site "Budapest"]
[Date "2009.11.14"]
[Round "8"]
[White "Darazs, Zoltan"]
[Black "Jasz, Peter"]
[Result "1-0"]
[WhiteElo "2232"]
[BlackElo "2001"]
[PlyCount "61"]
[EventDate "2009.11.07"]

1. e4 c5 2. Nf3 d6 3. d4 cxd4 4. Nxd4 Nf6 5. Nc3 g6 6. Be3 Bg7 7. f3 O-O 8. Qd2
Nc6 9. Bc4 Ne5 10. Bb3 Bd7 11. O-O-O Rc8 12. h4 h5 13. Bg5 Rc5 14. g4 hxg4 15.
f4 Nc4 16. Qd3 b5 17. f5 a5 18. fxg6 a4 19. gxf7+ Kxf7 20. Nxa4 bxa4 21. Bxc4+
e6 22. Nf5 d5 23. Bxf6 Bxf6 24. Nd6+ Ke7 25. exd5 Bxb2+ 26. Kxb2 Qb6+ 27. Kc1
Qxd6 28. Qh7+ Rf7 29. Qxf7+ Kxf7 30. dxe6+ Qxe6 31. Rxd7+ 1-0

[Event "First Saturday 2009 november FM-A"]
[Site "Budapest"]
[Date "2009.11.14"]
[Round "8"]
[White "Radnai, Adam"]
[Black "Henrichsen, Jens"]
[Result "1-0"]
[WhiteElo "2229"]
[BlackElo "1975"]
[PlyCount "59"]
[EventDate "2009.11.07"]

1. d4 Nf6 2. Nf3 e6 3. Bg5 Be7 4. e3 b6 5. Bd3 Bb7 6. Nbd2 h6 7. Bf4 c5 8. c3
Nc6 9. a3 d5 10. b4 cxd4 11. cxd4 O-O 12. g4 Ne8 13. h4 Bd6 14. b5 Ne7 15. Bxh6
gxh6 16. g5 f5 17. gxh6 Rf6 18. Rg1+ Kh7 19. Ng5+ Kxh6 20. f4 Ng7 21. Qf3 Qe8
22. Qg2 Nh5 23. Ndf3 Bxf4 24. exf4 Nxf4 25. Qd2 Nxd3+ 26. Qxd3 Ng6 27. h5 e5
28. hxg6 e4 29. Qd2 exf3+ 30. Ne6+ 1-0

[Event "First Saturday 2009 november FM-A"]
[Site "Budapest"]
[Date "2009.11.15"]
[Round "9"]
[White "Jasz, Peter"]
[Black "Mester, Attila"]
[Result "0-1"]
[WhiteElo "2001"]
[BlackElo "2092"]
[PlyCount "86"]
[EventDate "2009.11.07"]

1. e4 c5 2. Nf3 Nc6 3. d4 cxd4 4. Nxd4 Nf6 5. Nc3 d6 6. Bc4 Qb6 7. Nb3 e6 8.
Be3 Qc7 9. a3 a6 10. O-O b5 11. Be2 Be7 12. f4 O-O 13. Bf3 Rb8 14. Qe1 b4 15.
axb4 Nxb4 16. Qf2 d5 17. e5 Nd7 18. Ra4 Nd3 19. cxd3 Rxb3 20. d4 Nb6 21. Ra2
Nc4 22. Bd1 Rb4 23. Na4 Nxe3 24. Qxe3 Qc4 25. b3 Qxd4 26. Qxd4 Rxd4 27. Rc2 Bd7
28. Rc1 Bb5 29. Rf2 Ba3 30. Ra1 Bxa4 31. bxa4 Bc5 32. Kf1 f6 33. exf6 Rxf6 34.
g3 g5 35. Be2 gxf4 36. Bxa6 e5 37. Bb5 f3 38. Rc2 Ba7 39. Rac1 Rf7 40. Rc8+ Kg7
41. R8c2 e4 42. Re1 Rb4 43. Bc6 e3 0-1

[Event "First Saturday 2009 november FM-A"]
[Site "Budapest"]
[Date "2009.11.15"]
[Round "9"]
[White "Rendi, Eva"]
[Black "Darazs, Zoltan"]
[Result "1/2-1/2"]
[WhiteElo "2128"]
[BlackElo "2232"]
[PlyCount "22"]
[EventDate "2009.11.07"]

1. e4 c5 2. Nf3 Nc6 3. c3 d5 4. exd5 Qxd5 5. d4 e6 6. Be3 Nf6 7. Bd3 cxd4 8.
cxd4 Be7 9. Nc3 Qd6 10. O-O O-O 11. a3 a6 1/2-1/2

[Event "First Saturday 2009 november FM-A"]
[Site "Budapest"]
[Date "2009.11.15"]
[Round "9"]
[White "Zoltan, Andras"]
[Black "Mayer, Istvan"]
[Result "0-1"]
[WhiteElo "1995"]
[BlackElo "2152"]
[PlyCount "88"]
[EventDate "2009.11.07"]

1. e4 e6 2. d3 d5 3. Nd2 Nf6 4. Ngf3 dxe4 5. dxe4 Bc5 6. Bb5+ c6 7. Be2 O-O 8.
O-O Nbd7 9. h3 Qc7 10. Bd3 a5 11. Qe2 e5 12. a4 Nh5 13. Rd1 Nf4 14. Qf1 Nf6 15.
Nb3 Nxd3 16. cxd3 Ba7 17. Bd2 Bb6 18. Qe2 Re8 19. Be3 Nh5 20. Nbd2 Bxe3 21.
fxe3 b5 22. axb5 cxb5 23. Rac1 Qb6 24. Kh2 Nf6 25. Nf1 a4 26. Qc2 Be6 27. Qc7
Qb8 28. Qxb8 Raxb8 29. Rc5 Nd7 30. Rc7 Rec8 31. Rdc1 Rxc7 32. Rxc7 b4 33. Ng5
Nf8 34. Nd2 Rd8 35. Nxe6 Nxe6 36. Rb7 b3 37. Nc4 f6 38. Ra7 Rxd3 39. Rxa4 Nc5
40. Rb4 h5 41. Na5 Rxe3 42. Rb5 Nxe4 43. Nxb3 h4 44. Nd2 Nxd2 0-1

[Event "First Saturday 2009 november FM-A"]
[Site "Budapest"]
[Date "2009.11.15"]
[Round "9"]
[White "Johansen, Arlid"]
[Black "Lakat, Gyula"]
[Result "1-0"]
[WhiteElo "2084"]
[BlackElo "1956"]
[PlyCount "47"]
[EventDate "2009.11.07"]

1. c4 e5 2. Nc3 Nf6 3. Nf3 Nc6 4. g3 Be7 5. Bg2 d6 6. O-O Be6 7. b3 Qd7 8. Re1
Bh3 9. Bh1 Ng4 10. d4 h5 11. dxe5 h4 12. Nd5 hxg3 13. hxg3 O-O-O 14. b4 Ncxe5
15. Nxe7+ Qxe7 16. Qa4 Kb8 17. b5 Nxf3+ 18. Bxf3 Ne5 19. Be3 b6 20. Bh1 Bc8 21.
Bg2 Rh5 22. Rac1 Ng4 23. Rc3 Rdh8 24. Qxa7+ 1-0

[Event "First Saturday 2009 november FM-A"]
[Site "Budapest"]
[Date "2009.11.16"]
[Round "10"]
[White "Mayer, Istvan"]
[Black "Johansen, Arlid"]
[Result "1-0"]
[WhiteElo "2152"]
[BlackElo "2084"]
[PlyCount "97"]
[EventDate "2009.11.07"]

1. e4 c5 2. Nf3 Nc6 3. Nc3 g6 4. Bc4 Bg7 5. O-O d6 6. Re1 e6 7. d3 Nge7 8. a3
O-O 9. Bf4 a6 10. Ba2 b5 11. Qd2 Nd4 12. Nxd4 cxd4 13. Ne2 e5 14. Bh6 Be6 15.
c3 Bxa2 16. Rxa2 dxc3 17. bxc3 d5 18. exd5 Qxd5 19. Bxg7 Kxg7 20. f4 Rad8 21.
fxe5 Qxd3 22. Qxd3 Rxd3 23. a4 Re3 24. axb5 axb5 25. Kf2 Rxe5 26. Nd4 Rxe1 27.
Kxe1 Rb8 28. Rb2 Nf5 29. Rxb5 Re8+ 30. Kf2 Nxd4 31. cxd4 Re4 32. d5 h6 33. Kf3
Re8 34. h4 h5 35. Kf4 Kf6 36. Rb6+ Kg7 37. d6 f6 38. Rb7+ Kf8 39. g4 hxg4 40.
h5 gxh5 41. Kf5 Re1 42. Rb8+ Kf7 43. d7 Rf1+ 44. Ke4 f5+ 45. Ke5 Rd1 46. d8=Q
Rxd8 47. Rxd8 g3 48. Kxf5 g2 49. Rd1 1-0

[Event "First Saturday 2009 november FM-A"]
[Site "Budapest"]
[Date "2009.11.16"]
[Round "10"]
[White "Mester, Attila"]
[Black "Rendi, Eva"]
[Result "1/2-1/2"]
[WhiteElo "2092"]
[BlackElo "2128"]
[PlyCount "20"]
[EventDate "2009.11.07"]

1. e4 c5 2. Nf3 d6 3. d4 cxd4 4. Nxd4 Nf6 5. Nc3 a6 6. Bc4 e6 7. Bb3 Be7 8. Be3
Nc6 9. f4 Bd7 10. f5 Nxd4 1/2-1/2

[Event "First Saturday 2009 november FM-A"]
[Site "Budapest"]
[Date "2009.11.16"]
[Round "10"]
[White "Lantos, Attila"]
[Black "Jasz, Peter"]
[Result "1-0"]
[WhiteElo "2005"]
[BlackElo "2001"]
[PlyCount "119"]
[EventDate "2009.11.07"]

1. e4 c5 2. Nf3 d6 3. c3 Nf6 4. Be2 Nc6 5. d4 cxd4 6. cxd4 Nxe4 7. O-O d5 8.
Nc3 Nf6 9. Ne5 e6 10. Bb5 Bd7 11. Nxd7 Qxd7 12. a3 Be7 13. Bg5 Rc8 14. Qd3 a6
15. Ba4 b5 16. Bb3 Qa7 17. Be3 Na5 18. Bc2 Nc4 19. Ra2 Qc7 20. Bc1 Nxa3 21. Bb3
Qc6 22. Qg3 Nc4 23. Bd1 Nd6 24. Be3 Nf5 25. Qh3 Nxe3 26. fxe3 O-O 27. Ne2 Qc4
28. Rxa6 Ra8 29. Rxa8 Rxa8 30. Nf4 Qc6 31. Qf3 Rf8 32. Kh1 Ne4 33. Qh5 Qc1 34.
Qe2 Nd2 35. Nd3 Qc4 36. Qxd2 Rc8 37. Rg1 Bg5 38. Ne5 Qc7 39. Rf1 Bf6 40. Ng4
Be7 41. Qf2 f5 42. Ne5 Bd6 43. Nf3 b4 44. Bb3 h6 45. g3 g5 46. Qg2 Kg7 47. Ba2
Qb7 48. Bb1 Qb5 49. Ng1 b3 50. Qe2 Qa4 51. g4 Rf8 52. Qd3 Qa1 53. gxf5 exf5 54.
Qe2 Qa7 55. Bxf5 Bf4 56. Bd3 Re8 57. Qh5 Rxe3 58. Qg6+ Kf8 59. Qxh6+ Qg7 60.
Rxf4+ 1-0

[Event "First Saturday 2009 november FM-A"]
[Site "Budapest"]
[Date "2009.11.17"]
[Round "11"]
[White "Jasz, Peter"]
[Black "Radnai, Adam"]
[Result "0-1"]
[WhiteElo "2001"]
[BlackElo "2229"]
[PlyCount "82"]
[EventDate "2009.11.07"]

1. e4 c5 2. Nf3 g6 3. d4 Bg7 4. Nc3 Nc6 5. Be3 cxd4 6. Nxd4 d6 7. Bc4 Nf6 8. f3
Bd7 9. Qd2 Rc8 10. Bb3 Ne5 11. O-O-O h5 12. h4 a5 13. Ndb5 a4 14. Nxd6+ exd6
15. Qxd6 axb3 16. Qxe5+ Qe7 17. Qxe7+ Kxe7 18. axb3 Bc6 19. Bc5+ Ke8 20. Bd6
Bf8 21. Be5 Bh6+ 22. Kb1 Ke7 23. Bd6+ Ke6 24. Ne2 Bxe4 25. fxe4 Nxe4 26. Bf4
Nf2 27. Rd6+ Ke7 28. Bxh6 Rxh6 29. Rhd1 Nxd1 30. Rxd1 Rd8 31. Re1 f6 32. Nf4+
Kf7 33. c4 Rd4 34. g3 g5 35. hxg5 fxg5 36. Nd5 h4 37. gxh4 gxh4 38. Ne3 Re4 39.
Rf1+ Rf6 40. Rh1 Rxe3 41. Rxh4 Rxb3 0-1

[Event "First Saturday 2009 november FM-A"]
[Site "Budapest"]
[Date "2009.11.17"]
[Round "11"]
[White "Rendi, Eva"]
[Black "Lantos, Attila"]
[Result "1/2-1/2"]
[WhiteElo "2128"]
[BlackElo "2005"]
[PlyCount "59"]
[EventDate "2009.11.07"]

1. e4 e6 2. d4 c5 3. Nf3 Qc7 4. d5 e5 5. Nc3 d6 6. Bb5+ Nd7 7. O-O a6 8. Bxd7+
Bxd7 9. a4 g6 10. Be3 b6 11. Nd2 Bg7 12. Nc4 Nf6 13. f4 Ng4 14. f5 Nxe3 15.
Nxe3 f6 16. Qe2 g5 17. Nc4 h5 18. a5 b5 19. Nb6 Rb8 20. Nd1 Ke7 21. Nxd7 Qxd7
22. Ne3 Qa7 23. c4 b4 24. b3 Rbg8 25. g4 Rh7 26. Rf3 Rgh8 27. Kg2 hxg4 28. Nxg4
Rh4 29. Rg3 Qd7 30. h3 1/2-1/2

[Event "First Saturday 2009 november FM-A"]
[Site "Budapest"]
[Date "2009.11.17"]
[Round "11"]
[White "Zoltan, Andras"]
[Black "Mester, Attila"]
[Result "1-0"]
[WhiteElo "1995"]
[BlackElo "2092"]
[PlyCount "59"]
[EventDate "2009.11.07"]

1. e4 g6 2. d4 Bg7 3. c4 d6 4. Nc3 Nf6 5. f4 O-O 6. Nf3 c5 7. d5 e6 8. Be2 exd5
9. cxd5 Bg4 10. O-O Nbd7 11. Nd2 Bxe2 12. Qxe2 Re8 13. Qf3 h5 14. Kh1 a6 15. a4
Rc8 16. a5 Qe7 17. Nc4 h4 18. f5 Nh5 19. Bf4 Nxf4 20. Qxf4 Ne5 21. Nb6 Nd7 22.
Nxd7 Qxd7 23. Qxh4 Re5 24. Rf3 Qd8 25. Qg4 g5 26. f6 Bh6 27. Raf1 Qf8 28. Rf5
Rce8 29. h4 Kh7 30. hxg5 1-0

[Event "First Saturday 2009 november FM-A"]
[Site "Budapest"]
[Date "2009.11.17"]
[Round "11"]
[White "Lakat, Gyula"]
[Black "Mayer, Istvan"]
[Result "1-0"]
[WhiteElo "1956"]
[BlackElo "2152"]
[PlyCount "79"]
[EventDate "2009.11.07"]

1. d4 d5 2. Nf3 Nf6 3. h3 c5 4. e3 Nc6 5. Be2 cxd4 6. exd4 Bf5 7. Bf4 e6 8. O-O
Bd6 9. Be5 O-O 10. Nbd2 Nb4 11. Ne1 Rc8 12. c3 Nc6 13. f4 Re8 14. Nef3 Ne4 15.
Bxd6 Nxd2 16. Nxd2 Qxd6 17. g4 Bg6 18. Kg2 f5 19. g5 Qc7 20. Qe1 Qe7 21. Qg3
Kh8 22. h4 Bf7 23. h5 Bg8 24. Rh1 Qc7 25. Nf3 Qb6 26. Rab1 Re7 27. Nh4 g6 28.
Nxg6+ hxg6 29. hxg6+ Kg7 30. b4 Rec7 31. Qe3 Ne7 32. Qe5+ Kf8 33. Qf6+ Ke8 34.
Rh8 Qd6 35. Bb5+ Rc6 36. Rxg8+ Nxg8 37. Qf7+ Kd8 38. Qxg8+ Kd7 39. Qf7+ Qe7 40.
Rh1 1-0

[Event "First Saturday 2009 november FM-A"]
[Site "Budapest"]
[Date "2009.11.18"]
[Round "12"]
[White "Mester, Attila"]
[Black "Johansen, Arlid"]
[Result "0-1"]
[WhiteElo "2092"]
[BlackElo "2084"]
[PlyCount "88"]
[EventDate "2009.11.07"]

1. e4 c5 2. Nf3 Nc6 3. d4 cxd4 4. Nxd4 e5 5. Nb5 a6 6. Nd6+ Bxd6 7. Qxd6 Qf6 8.
Qd1 Qg6 9. Nc3 Nge7 10. h4 h5 11. Bg5 d5 12. exd5 Nb4 13. Rc1 Bf5 14. d6 f6 15.
Be3 Rd8 16. Bc5 Nxc2+ 17. Rxc2 Bxc2 18. Qf3 Nc6 19. Bc4 Bf5 20. Nd5 Bg4 21.
Nc7+ Kd7 22. Qd1 Qe4+ 23. Be2 Bxe2 24. Qxe2 Qxe2+ 25. Kxe2 Nd4+ 26. Bxd4 exd4
27. Nd5 Kxd6 28. Nf4 Kc6 29. Kd3 Rd6 30. Rh3 g5 31. hxg5 fxg5 32. Rxh5 Rxh5 33.
Nxh5 Kd5 34. f3 Rb6 35. b3 Rh6 36. g4 Re6 37. f4 Re3+ 38. Kd2 gxf4 39. Nxf4+
Ke4 40. Ne6 b6 41. g5 Rg3 42. a4 Rg2+ 43. Ke1 d3 44. a5 Ke3 0-1

[Event "First Saturday 2009 november FM-A"]
[Site "Budapest"]
[Date "2009.11.18"]
[Round "12"]
[White "Lantos, Attila"]
[Black "Zoltan, Andras"]
[Result "1/2-1/2"]
[WhiteElo "2005"]
[BlackElo "1995"]
[PlyCount "24"]
[EventDate "2009.11.07"]

1. e4 e5 2. Nf3 Nc6 3. Bb5 a6 4. Ba4 d6 5. O-O Nf6 6. Re1 Be7 7. h3 O-O 8. c3
b5 9. Bc2 h6 10. d4 exd4 11. cxd4 Nb4 12. Bb3 Bb7 1/2-1/2

[Event "First Saturday 2009 november FM-A"]
[Site "Budapest"]
[Date "2009.11.18"]
[Round "12"]
[White "Radnai, Adam"]
[Black "Rendi, Eva"]
[Result "1-0"]
[WhiteElo "2229"]
[BlackElo "2128"]
[PlyCount "73"]
[EventDate "2009.11.07"]

1. e4 c5 2. c3 Nf6 3. e5 Nd5 4. Bc4 Nb6 5. Bb3 d5 6. exd6 Qxd6 7. Na3 a6 8. Nf3
Be6 9. d4 cxd4 10. Nxd4 Bxb3 11. Qxb3 e5 12. Nf5 Qf6 13. Ng3 Be7 14. O-O O-O
15. f4 N8d7 16. fxe5 Qxe5 17. Bf4 Qd5 18. Rad1 Qxb3 19. axb3 Nf6 20. c4 Bc5+
21. Kh1 Rfe8 22. Bd6 Bxd6 23. Rxd6 Nbd7 24. b4 Re3 25. Nf5 Re2 26. b3 Rae8 27.
c5 a5 28. bxa5 Nxc5 29. Rb6 Rb2 30. b4 Nd3 31. Rxb7 Nxb4 32. h3 h6 33. Nc4 Rb3
34. a6 Ra8 35. a7 Nc6 36. Rxb3 Rxa7 37. Nxh6+ 1-0

[Event "First Saturday 2009 november FM-A"]
[Site "Budapest"]
[Date "2009.11.18"]
[Round "12"]
[White "Henrichsen, Jens"]
[Black "Jasz, Peter"]
[Result "0-1"]
[WhiteElo "1975"]
[BlackElo "2001"]
[PlyCount "84"]
[EventDate "2009.11.07"]

1. d4 Nf6 2. Nf3 g6 3. c4 Bg7 4. Nc3 d6 5. e4 O-O 6. Be2 e5 7. O-O Nc6 8. d5
Ne7 9. Ne1 Nd7 10. Nd3 f5 11. Bd2 Nf6 12. f3 f4 13. g4 g5 14. Be1 Ng6 15. c5 h5
16. h3 hxg4 17. hxg4 Kf7 18. cxd6 Rh8 19. Kg2 cxd6 20. a4 Bd7 21. Bf2 Qe7 22.
Qb3 Nh4+ 23. Bxh4 gxh4 24. Nf2 h3+ 25. Kh2 Nh5 26. Nh1 Ng3 27. Rg1 Bh6 28. Bb5
a6 29. Bxd7 Qxd7 30. Nxg3 fxg3+ 31. Kxg3 h2 32. Rh1 Qe7 33. Kf2 Bf4 34. Ke2 Qc7
35. a5 Qc5 36. Na4 Qxa5 37. Qxb7+ Kg6 38. Nc3 Qc5 39. Nd1 Qc2+ 40. Kf1 Rh3 41.
Nf2 Rxf3 42. Qb6 Qd3+ 0-1

[Event "First Saturday 2009 november FM-A"]
[Site "Budapest"]
[Date "2009.11.19"]
[Round "13"]
[White "Rendi, Eva"]
[Black "Henrichsen, Jens"]
[Result "1/2-1/2"]
[WhiteElo "2128"]
[BlackElo "1975"]
[PlyCount "99"]
[EventDate "2009.11.07"]

1. e4 c5 2. Nf3 Nc6 3. c3 d5 4. exd5 Qxd5 5. d4 e6 6. Be3 Nf6 7. Be2 cxd4 8.
cxd4 Be7 9. Nc3 Qd6 10. O-O O-O 11. a3 Rd8 12. Qc2 Bd7 13. Qc1 Na5 14. Nd2 Nd5
15. Nce4 Qb8 16. b4 Nc6 17. Nc5 Bd6 18. Nf3 Nf4 19. Bc4 Nd5 20. Ra2 Be8 21. Rc2
Nce7 22. Bb3 Ng6 23. g3 b6 24. Ne4 Be7 25. h4 Qb7 26. Ned2 Rac8 27. h5 Rxc2 28.
Qxc2 Rc8 29. Bxd5 exd5 30. Qb1 Nf8 31. h6 g6 32. Ne5 f6 33. Nd3 Bd7 34. Rc1 Bf5
35. Rxc8 Qxc8 36. Qb3 Bxd3 37. Qxd3 Qc1+ 38. Kg2 Qc6 39. Nf3 a5 40. Bd2 axb4
41. Bxb4 Bxb4 42. axb4 Kf7 43. Qa6 Ne6 44. Qa7+ Qc7 45. Qa8 Qd8 46. Qb7+ Kg8
47. Qc6 Kf7 48. Qb7+ Kg8 49. Qc6 Kf7 50. Qb7+ 1/2-1/2

[Event "First Saturday 2009 november FM-A"]
[Site "Budapest"]
[Date "2009.11.19"]
[Round "13"]
[White "Zoltan, Andras"]
[Black "Radnai, Adam"]
[Result "0-1"]
[WhiteElo "1995"]
[BlackElo "2229"]
[PlyCount "66"]
[EventDate "2009.11.07"]

1. e4 c5 2. Nf3 e6 3. d3 Nc6 4. g3 d5 5. Nbd2 Bd6 6. Qe2 Nge7 7. Bg2 O-O 8. O-O
f6 9. Re1 Rb8 10. c3 b5 11. d4 cxd4 12. Nxd4 Nxd4 13. cxd4 Qb6 14. Nb3 a5 15.
Be3 a4 16. Nc5 e5 17. Rac1 exd4 18. Bxd4 Nc6 19. Qd2 Nxd4 20. Qxd4 dxe4 21.
Qd5+ Kh8 22. Nxe4 Be5 23. Qd2 Be6 24. a3 Rfd8 25. Qc2 Bd4 26. Nc5 Bc4 27. Ne4
f5 28. Nc3 Rbc8 29. Kh1 Qc5 30. f4 g6 31. Rcd1 Bb3 32. Rxd4 Bxc2 33. Rxd8+ Rxd8
0-1

[Event "First Saturday 2009 november FM-A"]
[Site "Budapest"]
[Date "2009.11.19"]
[Round "13"]
[White "Johansen, Arlid"]
[Black "Lantos, Attila"]
[Result "0-1"]
[WhiteElo "2084"]
[BlackElo "2005"]
[PlyCount "126"]
[EventDate "2009.11.07"]

1. c4 Nf6 2. Nf3 g6 3. g3 Bg7 4. Bg2 O-O 5. O-O d6 6. d4 c6 7. Nc3 Qc7 8. e4 e5
9. h3 a6 10. a4 Re8 11. Be3 h6 12. Qd2 Kh7 13. Rad1 Bf8 14. Ne1 Qe7 15. d5 c5
16. Nd3 Bg7 17. Kh2 Nbd7 18. Rde1 g5 19. Ne2 Nh5 20. Nc3 Rg8 21. Qd1 Ndf6 22.
Qe2 Ra7 23. b4 b6 24. Rb1 Rc7 25. bxc5 bxc5 26. Rb2 Bf8 27. a5 Qd7 28. Rfb1 Be7
29. Qd1 Nf4 30. Bxf4 gxf4 31. Na4 fxg3+ 32. fxg3 Qe8 33. Nb6 Rg5 34. Rb3 Qg8
35. Qf3 Qg6 36. Nxc8 Rxc8 37. Rb8 Qg8 38. R8b6 Ra8 39. Qf2 Nh5 40. g4 Nf4 41.
Nxf4 exf4 42. Qxf4 Qg7 43. Rf1 Kg8 44. Rb7 Re8 45. Ra7 h5 46. Bf3 Bf6 47. Kg2
Be5 48. Qe3 Rb8 49. Be2 Qh6 50. Qf2 f5 51. h4 hxg4 52. Rh1 Rh5 53. exf5 Rb2 54.
f6 Bxf6 55. Ra8+ Kg7 56. Ra7+ Kf8 57. Rf1 Ke8 58. Ra8+ Kd7 59. Bxg4+ Kc7 60.
Bxh5 Rxf2+ 61. Rxf2 Qxh5 62. Rxf6 Qg4+ 63. Kf1 Qxc4+ 0-1

[Event "First Saturday 2009 november FM-A"]
[Site "Budapest"]
[Date "2009.11.19"]
[Round "13"]
[White "Lakat, Gyula"]
[Black "Mester, Attila"]
[Result "0-1"]
[WhiteElo "1956"]
[BlackElo "2092"]
[PlyCount "106"]
[EventDate "2009.11.07"]

1. d4 d5 2. Nf3 Nc6 3. Bf4 Bg4 4. Nbd2 e6 5. h3 Bh5 6. c3 Bd6 7. Ne5 Bxe5 8.
dxe5 f6 9. exf6 gxf6 10. g4 Bg6 11. h4 e5 12. h5 Bf7 13. Bg3 Qd7 14. Bh3 Be6
15. e3 Nh6 16. f3 Rg8 17. Bh4 Qe7 18. Rg1 Nf5 19. Bf2 Nd6 20. Qc2 O-O-O 21.
O-O-O Kb8 22. Nb3 b6 23. Bf1 f5 24. Rh1 fxg4 25. Bh4 Qf7 26. Bxd8 Rxd8 27. fxg4
Bxg4 28. Be2 Be6 29. Rdf1 Qe7 30. Bd3 e4 31. Ba6 Nf5 32. Qf2 Qd6 33. Rhg1 Ne5
34. Qf4 c5 35. Be2 a5 36. Rg5 a4 37. Nd2 Rf8 38. Kb1 h6 39. Rg6 Nxg6 40. Qxd6+
Nxd6 41. hxg6 Rxf1+ 42. Nxf1 Nf5 43. Bg4 Ng7 44. Nh2 Bxg4 45. Nxg4 h5 46. Nf2
Kc7 47. Kc1 Kd6 48. Kd2 Ke5 49. Nh3 h4 50. Ke2 Kf5 51. Nf4 d4 52. Nd5 d3+ 53.
Kf2 d2 0-1

[Event "First Saturday 2009 november FM-A"]
[Site "Budapest"]
[Date "2009.11.19"]
[Round "13"]
[White "Mayer, Istvan"]
[Black "Darazs, Zoltan"]
[Result "1/2-1/2"]
[WhiteElo "2152"]
[BlackElo "2232"]
[PlyCount "21"]
[EventDate "2009.11.07"]

1. e4 e6 2. d4 d5 3. e5 c5 4. c3 Nc6 5. Nf3 Qb6 6. a3 Bd7 7. Be2 cxd4 8. cxd4
Nge7 9. Nc3 Nf5 10. O-O Be7 11. Be3 1/2-1/2